[Event "XXIX Cracovia 2018"]
[Site "Krakow"]
[Date "2019.01.02"]
[Round "7"]
[White "Cukrowski, Filip"]
[Black "Galperin, Platon"]
[Result "1-0"]
[WhiteElo "2416"]
[BlackElo "2363"]
[Annotator "TA"]
[PlyCount "111"]
[EventDate "2018.12.27"]
[EventType "swiss"]
[EventCountry "POL"]
[SourceTitle "playchess.com"]
[Source "ChessBase"]
[SourceQuality "1"]

{[%evp 24,111,0,-25,-13,-37,-16,-52,-51,-139,-136,-144,-140,-145,-115,-130,13,12,20,16,15,9,9,9,14,14,8,11,8,16,9,12,73,75,77,44,51,51,51,60,81,73,67,68,91,87,88,61,53,33,34,24,84,41,43,0,62,52,73,61,81,68,81,77,76,76,75,75,75,76,81,50,235,221,236,233,205,218,240,225,305,263,424,403,391,390,583,568,491,532]} 1. e4 c6 2. d4 d5 3. Nc3 dxe4 4. Nxe4 Nf6 5. Nxf6+ exf6 6. c3 Bd6 7. Bd3 O-O 8. Qc2 Re8+ {B15: Caro-Kann: 3 Nc3: 3...g6 and 3...dxe4 4 Nxe4 Nf6 5 Nxf6+ exf6} 9. Ne2 $146 (9. Be3 h5 10. O-O-O Qa5 11. Kb1 Be6 12. c4 Na6 13. Bd2 Nb4 14. Qb3 b5 15. Bxb4 Bxb4 16. Qc2 bxc4 17. Bxc4 Bxc4 18. Qxc4 {0-1 (47) Stevic,H (2589)-Cheparinov,I (2711) Zagreb 2018}) 9... h5 10. Be3 Nd7 11. O-O-O Nf8 12. Ng3 Be6 13. Kb1 {LiveBook: 4 Games} g6 14. Rhe1 b5 15. Bh6 f5 16. d5 (16. Nf1 $15) 16... Bxd5 $17 17. c4 bxc4 (17... Bxg2 18. Qc3 $11) 18. Qc3 {[%csl Gh6][%cal Rc3g7]} f6 19. Bxc4 Kh7 ({Better is} 19... Be5 $1 $17 {[%cal Re5c3]} 20. Qd3 Qb6 21. Bxd5+ cxd5) 20. Rxe8 $11 Qxe8 21. Bxd5 ({But not} 21. Qxf6 Be5 $15) 21... cxd5 22. Qxf6 {[%csl Gh6][%cal Rf6g7]} Be5 23. Qxf8 $1 Qxf8 24. Bxf8 Rxf8 25. Rxd5 {[%mdl 4096] Endgame KRB-KRN} Re8 26. Kc2 h4 27. Nf1 Bf4 (27... Rc8+ $11 28. Kb1 Bf4 29. Rd7+ Kh6) 28. Kd1 $16 Rc8 29. g3 Rc1+ 30. Ke2 Rc2+ 31. Kf3 Bg5 32. gxh4 Bxh4 33. Rd2 Rc7 34. Ne3 Kh6 35. Nd5 Rc1 36. Kg2 a5 37. a3 Rc5 (37... Kh5 $11 {remains equal.}) 38. Rd4 Bg5 39. f4 Rc2+ (39... Bh4 $11) 40. Kg3 $14 Bd8 41. Ne3 Rc8 $1 42. Rd6 Kg7 43. Nd5 Kf7 44. b4 axb4 45. axb4 {b5 is the strong threat.} Ra8 46. b5 {Threatens to win with b6.} Ra3+ 47. Kg2 Ba5 $2 (47... Bh4 $14) 48. Rf6+ $18 Kg7 49. Ra6 Rd3 {[#]} 50. Ra7+ $1 ({Don't take} 50. Rxa5 $6 Rxd5 51. Ra7+ Kf6 $16) 50... Kf8 {[#]} 51. Ne7 $1 {[%cal Re7g6]} ({Don't do} 51. Rxa5 $6 Rxd5 52. Kg3 Kg7 $16) 51... Rd2+ 52. Kf3 Bd8 $2 (52... Bb6 53. Nxg6+ Kg8) 53. Nxg6+ Ke8 54. Ne5 Bb6 (54... Rb2 $142 55. Ra8 Rxb5) 55. Rb7 Bc5 56. h4 {Accuracy: White = 61%, Black = 53%.} 1-0

[Event "XXIX Cracovia 2018"]
[Site "Krakow"]
[Date "2019.01.02"]
[Round "7"]
[White "Kosakowski, Jakub"]
[Black "Zakrzewski, Marek"]
[Result "1-0"]
[WhiteElo "2415"]
[BlackElo "2311"]
[Annotator "TA"]
[PlyCount "119"]
[EventDate "2018.12.27"]
[EventType "swiss"]
[EventCountry "POL"]
[SourceTitle "playchess.com"]
[Source "ChessBase"]
[SourceQuality "1"]

{[%evp 12,119,16,-3,0,-9,50,51,37,41,25,21,113,97,120,98,151,142,156,156,162,165,164,173,149,142,146,147,218,156,135,133,197,152,209,200,183,201,422,417,366,298,728,260,267,210,318,317,706,709,702,692,1055,966,1265,1272,1265,1228,1079,449,556,556,541,519,400,267,575,421,598,593,561,533,407,525,522,505,449,383,319,318,591,530,461,456,733,680,1441,1427,1423,1390,1182,992,5264,5264,3280,1250,5264,5257,1555,1544,1424,1424,29969,29974,29975,29968,7075,6816,1574,1522]} 1. e4 c5 2. Nf3 e6 3. d4 cxd4 4. Nxd4 Nc6 5. Nc3 Qc7 6. g4 {B47: Sicilian: Taimanov: 5 Nc3 Qc7 6 f4, 6 g3 and 6 Be2} (6. g3 a6 7. Bg2 Nf6 8. O-O Be7 9. Re1 O-O 10. Nxc6 dxc6 11. e5 Rd8 12. Qf3 Nd5 13. h4 Nxc3 14. Qxc3 Bd7 15. Be3 c5 16. Rad1 Rac8 17. h5 Bc6 18. Rxd8+ Qxd8 19. Qc4 b5 20. Qf1 Bxg2 21. Qxg2 Qd5 22. Qxd5 exd5 {½-½ (44) Saric,I (2690)-Adhiban,B (2671) Linares 2018}) 6... a6 7. h4 {LiveBook: 9 Games} Nxd4 8. Qxd4 {The position is equal.} Ne7 ({Better is} 8... b5 $11) 9. Be3 $14 b5 10. O-O-O $146 ({Predecessor:} 10. a3 Nc6 11. Qd2 Ne5 12. Be2 Nc4 13. Bxc4 Qxc4 {½-½ (60) Praggnanandhaa,R (2529)-Haldorsen,B (2423) Pardubice 2018}) 10... Nc6 11. Qd2 d6 (11... Qa5 $11 {keeps the balance.}) 12. Kb1 Bb7 13. g5 Rc8 ({Black should play} 13... Na5) 14. f4 $16 {[%cal Bf2f4,Bf4f5][%mdl 32]} Na5 15. Qf2 {And now Bb6 would win.} Nc4 16. Bxc4 $1 Qxc4 17. Rd4 Qc7 18. Rhd1 Bc6 19. f5 a5 (19... Be7 $16) 20. Nd5 Bxd5 21. exd5 exf5 (21... e5 $16) 22. Qxf5 {Rf1 is the strong threat.} Be7 (22... Qd7 $16 23. Qxd7+ Kxd7) 23. Rf1 $1 $18 O-O 24. h5 f6 $2 {[#]} (24... b4 25. Rg4 Rce8) 25. g6 $1 h6 26. c3 Rfe8 $2 (26... Rfd8 27. Re4 Qd7) 27. Bxh6 $2 (27. Qe6+ Kh8 28. Re4) 27... Bf8 28. Bc1 Qe7 {[#]} (28... Re5 $142 29. Qh3 b4) 29. h6 $1 {[%mdl 512]} gxh6 $2 (29... Qe5 30. Qd7 Qe7 31. Qxb5 gxh6 32. Qxa5 Bg7) 30. g7 Bxg7 {[#]} 31. Rg1 $1 Qe5 32. Qg6 {[%csl Gg1][%cal Rg6g7]} Re7 33. Bxh6 f5 34. Rh4 Rc4 35. Rhh1 (35. Bxg7 $142 Rxg7 36. Qh7+ Kf8 37. Qh8+ Kf7 38. Rxg7+ Qxg7 39. Rh7) 35... Rg4 36. Rxg4 fxg4 37. Qxg4 Qxd5 38. Rg1 Qc4 $2 (38... Qe5 39. Bxg7 Rxg7 40. Qc8+ Kf7 41. Rf1+ Kg6) 39. Qg6 Qf7 (39... Qh4 $142 40. a4 (40. Bxg7 Re1+ 41. Rxe1 Qxe1+ 42. Kc2 Qe2+ 43. Kc1 Qe1+ 44. Kc2 Qe2+ 45. Kc1 Qe1+ 46. Kc2 $11) 40... Qxa4 41. Bxg7 Qe4+ 42. Qxe4 Rxe4 43. Bd4+ Kf7) 40. Qxd6 Qf5+ 41. Kc1 Qf2 42. Qd8+ Kh7 43. Qd3+ {[%mdl 64] Double Attack} Kg8 44. Rxg7+ Rxg7 45. Bxg7 Qg1+ $2 (45... Qf4+ {was called for.} 46. Kb1 Kxg7 47. Qxb5 Qe4+ 48. Kc1 a4 49. Qd7+ Kf8) 46. Qd1 Qg5+ 47. Qd2 Qg1+ (47... Qxg7 $142 48. Qd8+ Qf8 49. Qg5+ Kh7 50. Qxb5 Qf4+ 51. Kc2 a4 52. Qd3+ Kg8) 48. Kc2 Qxg7 {[%mdl 4096] Endgame KQ-KQ} 49. Qd5+ Kh7 50. Qh5+ Kg8 51. Qxb5 Qc7 52. Kb3 Kh8 53. Ka4 (53. a3 $142 Kg7 54. Ka4) 53... Qf7 54. a3 {[%cal Ba2a3,Ba3a4][%mdl 32]} Qc7 55. Qxa5 Qc4+ 56. Qb4 Qc6+ 57. Kb3 Qd5+ 58. Qc4 Qf7 59. a4 Qb7+ 60. Ka3 {Accuracy: White = 74%, Black = 27%.} 1-0

[Event "XXIX Cracovia 2018"]
[Site "Krakow"]
[Date "2019.01.02"]
[Round "7"]
[White "Hnydiuk, Aleksander"]
[Black "Grela, Kacper"]
[Result "1/2-1/2"]
[WhiteElo "2409"]
[BlackElo "2305"]
[Annotator "TA"]
[PlyCount "151"]
[EventDate "2018.12.27"]
[EventType "swiss"]
[EventCountry "POL"]
[SourceTitle "playchess.com"]
[Source "ChessBase"]
[SourceQuality "1"]

{[%evp 23,151,0,0,-4,0,-10,0,0,27,35,23,5,21,0,0,-7,66,70,85,4,39,-17,-16,-12,-13,-14,-12,-8,-6,-17,0,-30,0,0,0,-10,0,-38,-6,-6,-6,-20,-20,-58,-58,-54,-54,-54,-62,-58,-62,-51,-30,-68,-62,-62,-62,-62,-62,-62,-62,-71,-42,-42,-42,-128,-119,-183,-182,-182,-182,-156,-141,-134,-50,-50,-49,-64,-19,-19,-1,-1,-1,-1,-1,-1,-1,-1,-1,-1,-1,-1,-1,-1,-1,-1,-1,-1,-8,-8,-8,-8,-8,-8,-8,-8,-8,-8,-8,-8,-8,-8,-8,-8,-8,-8,-8,-8,-8,-8,0,-8,0,0,0,0,0,0,0,0]} 1. d4 d5 2. c4 e6 3. Nf3 Nf6 {[%cal Bg8f6,Bf6d5,Bd5c3][%mdl 32]} 4. g3 dxc4 5. Bg2 Nc6 6. Qa4 Bb4+ 7. Bd2 Nd5 8. Qb5 {E04: Open Catalan: 5 Nf3} (8. Bxb4 Ndxb4 9. O-O Rb8 10. Na3 O-O 11. Qb5 b6 12. Qxc4 Ba6 13. Nb5 Qe8 14. Rfc1 Nd5 15. Qxc6 Qxc6 16. Rxc6 Bxb5 17. Rc2 Rfc8 {½-½ (33) So,W (2780)-Caruana,F (2822) Saint Louis 2018}) 8... Bxd2+ 9. Nbxd2 c3 10. bxc3 Nxc3 11. Qd3 Nd5 12. O-O O-O {LiveBook: 42 Games} 13. Rfc1 Bd7 14. Rab1 Rb8 15. Ne4 {[#]} b6 $146 ({Predecessor:} 15... Nce7) 16. Neg5 {[%csl Gg5][%cal Rd3h7] [#]} g6 17. Qd2 h6 18. Ne4 Kg7 19. Nc3 Qf6 (19... Na5 $11) 20. e4 $14 Nxc3 21. Qxc3 ({Better is} 21. Rxc3 $16 {aiming for Rbc1.} g5 22. Rbc1) 21... a5 22. Ne5 (22. Rb2 $14) 22... Nxe5 $11 23. dxe5 Qd8 24. Qxc7 Qxc7 25. Rxc7 Rfd8 26. Bf1 Ba4 27. Rbc1 (27. f4 {seems wilder.} Kg8 28. Rb2 b5 29. Ra7 Ra8 30. Rd2) 27... Rd7 28. Rxd7 Bxd7 {[%mdl 4096] Endgame KRB-KRB} 29. Rc7 Be8 30. f3 b5 31. Kf2 b4 32. Bc4 a4 33. Ke3 b3 34. axb3 axb3 35. Bd3 b2 36. Bb1 Rb3+ 37. Kf2 Ba4 38. Ra7 Ra3 {White must now prevent ...Ra1.} 39. Rb7 $1 Bb3 $1 40. Ke2 Ra1 $1 {[%cal Ra1b1]} 41. Rxb3 Rxb1 $15 {KR-KR} 42. Kd3 Rf1 43. Rxb2 Rxf3+ 44. Ke2 ({White should try} 44. Kd4 $15) 44... Ra3 45. g4 (45. Kf2 $17) 45... g5 46. Kf2 Ra5 47. Kf3 Kg6 48. Rb1 h5 (48... Rc5 $17 49. Ke3 Rxe5) 49. gxh5+ Kxh5 50. Rb8 Rxe5 51. h4 {The position is equal.} f5 52. Rh8+ Kg6 {Threatens to win with ...g4+.} 53. exf5+ Rxf5+ 54. Kg3 Kg7 55. Ra8 gxh4+ 56. Kxh4 Kf6 57. Kg4 Rb5 58. Kf4 Rb4+ 59. Ke3 Kf5 60. Ra5+ e5 61. Kf3 Rb3+ 62. Kf2 Kf4 63. Ra4+ e4 64. Ra2 Rf3+ (64... Rb1 {feels hotter.} 65. Ra3 Rb2+ 66. Ke1 Rb8 67. Kf2 Rh8) 65. Kg2 Rg3+ 66. Kf2 Rb3 67. Rc2 Rf3+ 68. Ke1 Rh3 69. Rf2+ Ke3 70. Re2+ Kd4 71. Rd2+ Kc3 {( -> ...Rh1+)} 72. Rd8 Re3+ 73. Kf2 Rd3 74. Re8 {[#]} e3+ $1 {[%mdl 512]} 75. Rxe3 Rxe3 76. Kxe3 {Accuracy: White = 60%, Black = 52%.} 1/2-1/2

[Event "XXIX Cracovia 2018"]
[Site "Krakow"]
[Date "2019.01.02"]
[Round "7"]
[White "Molenda, Marcin"]
[Black "Jaroch, Karol"]
[Result "1-0"]
[WhiteElo "2383"]
[BlackElo "2259"]
[Annotator "NA"]
[PlyCount "59"]
[EventDate "2018.12.27"]
[EventType "swiss"]
[EventCountry "POL"]
[SourceTitle "playchess.com"]
[Source "ChessBase"]
[SourceQuality "1"]
[TimeControl "40/5400+30:1800+30"]

1. d4 e6 2. c4 Nf6 3. g3 d5 4. Nf3 Be7 5. Bg2 O-O 6. O-O Nbd7 7. Qc2 c5 8. Rd1 dxc4 9. Nbd2 Nd5 10. Nxc4 b5 11. Nce5 Bb7 12. Nxd7 Qxd7 13. dxc5 Qc7 14. Ng5 g6 15. Ne4 Rfc8 16. Bh6 f5 17. Rxd5 Bxd5 18. Qc3 Kf7 19. Ng5+ Bxg5 20. Qg7+ Ke8 21. Qf8+ Kd7 22. Qf7+ Be7 23. Bxd5 exd5 24. Qxd5+ Ke8 25. Qg8+ Bf8 26. Qxf8+ Kd7 27. Rd1+ Kc6 28. Qf6+ Kb7 29. Bf4 Rd8 30. c6+ 1-0

[Event "XXIX Cracovia 2018"]
[Site "Krakow"]
[Date "2019.01.02"]
[Round "7"]
[White "Goumas, Georgios"]
[Black "Dzierzak, Radoslaw"]
[Result "1/2-1/2"]
[WhiteElo "2378"]
[BlackElo "2283"]
[Annotator "NA"]
[PlyCount "46"]
[EventDate "2018.12.27"]
[EventType "swiss"]
[EventCountry "POL"]
[SourceTitle "playchess.com"]
[Source "ChessBase"]
[SourceQuality "1"]
[TimeControl "40/5400+30:1800+30"]

1. e4 {[%emt 0:10:36]} c6 {[%emt 0:00:00]} 2. d4 {[%emt 0:00:43]} d5 {[%emt 0:00:00]} 3. e5 {[%emt 0:00:05]} c5 {[%emt 0:00:14]} 4. dxc5 {[%emt 0:00:15]} e6 {[%emt 0:00:09]} 5. a3 {[%emt 0:00:05]} Bxc5 {[%emt 0:00:13]} 6. Nf3 {[%emt 0:00:11]} Nc6 {[%emt 0:00:53]} 7. b4 {[%emt 0:00:25]} Bb6 {[%emt 0:00:08]} 8. Bb2 {[%emt 0:00:06]} Nge7 {[%emt 0:00:54]} 9. Bd3 {[%emt 0:00:39]} Ng6 {[%emt 0:00:42]} 10. O-O {[%emt 0:00:10]} O-O {[%emt 0:00:48]} 11. Re1 {[%emt 0:00:19]} f6 {[%emt 0:00:28]} 12. exf6 {[%emt 0:00:16]} gxf6 {[%emt 0:01:32]} 13. c4 {[%emt 0:00:24]} Nf4 {[%emt 0:00:16]} 14. cxd5 {[%emt 0:01:17]} Qxd5 {[%emt 0:00:12]} 15. Be4 {[%emt 0:02:29]} Qxd1 {[%emt 0:01:56]} 16. Rxd1 {[%emt 0:00:06]} e5 {[%emt 0:03:05]} 17. Nc3 {[%emt 0:00:48]} Be6 {[%emt 0:08:45]} 18. Na4 {[%emt 0:13:09]} Rfd8 {[%emt 0:05:48]} 19. Nxb6 {[%emt 0:01:35]} axb6 {[%emt 0:00:29]} 20. g3 {[%emt 0:07:07]} Bd5 {[%emt 0:06:56]} 21. Nd2 {[%emt 0:04:45]} Bxe4 {[%emt 0:07:09]} 22. Nxe4 {[%emt 0:00:14]} Nd3 {[%emt 0:00:11]} 23. Bc3 {[%emt 0:06:27]} f5 {[%emt 0:02:32]} 1/2-1/2

[Event "XXIX Cracovia 2018"]
[Site "Krakow"]
[Date "2019.01.02"]
[Round "7"]
[White "Mosesov, Danylo"]
[Black "Roshka, Yevgeniy"]
[Result "1-0"]
[WhiteElo "2343"]
[BlackElo "2293"]
[Annotator "NA"]
[PlyCount "105"]
[EventDate "2018.12.27"]
[EventType "swiss"]
[EventCountry "POL"]
[SourceTitle "playchess.com"]
[Source "ChessBase"]
[SourceQuality "1"]
[TimeControl "40/5400+30:1800+30"]

1. e4 {[%emt 0:00:00]} g6 {[%emt 0:05:09]} 2. d4 {[%emt 0:00:00]} Bg7 {[%emt 0:00:34]} 3. Nc3 {[%emt 0:00:00]} d6 {[%emt 0:01:43]} 4. Be3 {[%emt 0:00:09]} Nf6 {[%emt 0:01:39]} 5. f3 {[%emt 0:01:08]} c6 {[%emt 0:00:06]} 6. Qd2 {[%emt 0:01:51]} b5 {[%emt 0:01:47]} 7. O-O-O {[%emt 0:00:36]} O-O {[%emt 0:14:08]} 8. g4 {[%emt 0:05:17]} Qa5 {[%emt 0:00:20]} 9. Kb1 {[%emt 0:00:38]} b4 {[%emt 0:02:15]} 10. Nce2 {[%emt 0:00:29]} Nbd7 {[%emt 0:03:59]} 11. g5 {[%emt 0:05:22]} Ne8 {[%emt 0:05:49]} 12. Nc1 {[%emt 0:01:36]} Nc7 {[%emt 0:00:42]} 13. h4 {[%emt 0:05:08]} Ba6 {[%emt 0:04:23]} 14. h5 {[%emt 0:06:18]} Bxf1 {[%emt 0:00:22]} 15. Rxf1 {[%emt 0:00:03]} Rfd8 {[%emt 0:02:12]} 16. hxg6 {[%emt 0:02:35]} hxg6 {[%emt 0:00:53]} 17. f4 {[%emt 0:02:35]} d5 {[%emt 0:14:31]} 18. f5 {[%emt 0:04:34]} dxe4 {[%emt 0:00:17]} 19. fxg6 {[%emt 0:12:35]} fxg6 {[%emt 0:00:20]} 20. Qh2 {[%emt 0:00:15]} Nf8 {[%emt 0:00:02]} 21. Bf4 {[%emt 0:13:53]} Rxd4 {[%emt 0:09:16]} 22. Bxc7 {[%emt 0:00:22]} Qxg5 {[%emt 0:00:02]} 23. Nge2 {[%emt 0:01:46]} Rd5 {[%emt 0:00:11]} 24. Nb3 {[%emt 0:06:59]} c5 {[%emt 0:03:03]} 25. Bf4 {[%emt 0:00:45]} Qf6 {[%emt 0:00:01]} 26. Bc1 {[%emt 0:00:05]} Rf5 {[%emt 0:00:09]} 27. Rxf5 {[%emt 0:01:57]} gxf5 {[%emt 0:00:02]} 28. Nxc5 {[%emt 0:00:37]} Rc8 {[%emt 0:00:06]} 29. Nb3 {[%emt 0:00:04]} Ng6 {[%emt 0:01:53]} 30. Rf1 {[%emt 0:07:31]} Nh4 {[%emt 0:02:02]} 31. Nf4 {[%emt 0:04:55]} Nf3 {[%emt 0:01:57]} 32. Qh3 {[%emt 0:00:12]} Qf7 {[%emt 0:03:10]} 33. Rh1 {[%emt 0:02:05]} Rc6 {[%emt 0:01:55]} 34. Nh5 {[%emt 0:03:16]} Be5 {[%emt 0:02:08]} 35. Bf4 {[%emt 0:03:18]} Bxf4 36. Nxf4 Kf8 {[%emt 0:00:48]} 37. Nd4 {[%emt 0:02:26]} Nxd4 {[%emt 0:02:24]} 38. Qh8+ {[%emt 0:00:01]} Qg8 {[%emt 0:00:07]} 39. Qxd4 {[%emt 0:00:04]} Rd6 {[%emt 0:01:11]} 40. Qe5 {[%emt 0:00:00]} Qh7 {[%emt 0:00:00]} 41. Rg1 {[%emt 0:04:41]} Ke8 {[%emt 0:01:13]} 42. b3 {[%emt 0:03:39]} a6 {[%emt 0:02:09]} 43. Rg7 {[%emt 0:04:06]} Qh4 {[%emt 0:00:43]} 44. Rg8+ {[%emt 0:01:37]} Kd7 {[%emt 0:00:08]} 45. Qxf5+ {[%emt 0:00:03]} Kc7 {[%emt 0:00:11]} 46. Qc5+ {[%emt 0:01:02]} Kb7 {[%emt 0:00:44]} 47. Qxb4+ {[%emt 0:00:22]} Rb6 {[%emt 0:00:15]} 48. Qxe4+ {[%emt 0:00:07]} Rc6 {[%emt 0:00:06]} 49. Rg6 {[%emt 0:00:55]} Qxf4 {[%emt 0:00:49]} 50. Qxc6+ {[%emt 0:00:34]} Ka7 {[%emt 0:00:05]} 51. Qd7+ {[%emt 0:00:13]} Kb8 {[%emt 0:00:10]} 52. Rg8+ {[%emt 0:00:05]} Qf8 {[%emt 0:00:01]} 53. Rxf8# {[%emt 0:00:09]} 1-0

[Event "XXIX Cracovia 2018"]
[Site "Krakow"]
[Date "2019.01.02"]
[Round "7"]
[White "Paszewski, Mateusz"]
[Black "Marszalek, Maciej"]
[Result "1/2-1/2"]
[WhiteElo "2342"]
[BlackElo "2280"]
[Annotator "NA"]
[PlyCount "120"]
[EventDate "2018.12.27"]
[EventType "swiss"]
[EventCountry "POL"]
[SourceTitle "playchess.com"]
[Source "ChessBase"]
[SourceQuality "1"]
[TimeControl "40/5400+30:1800+30"]

1. e4 {[%emt 0:00:00]} e5 {[%emt 0:00:00]} 2. Nf3 {[%emt 0:00:03]} Nc6 {[%emt 0:00:00]} 3. Bc4 {[%emt 0:00:04]} Bc5 {[%emt 0:00:36]} 4. c3 {[%emt 0:00:54]} Nf6 {[%emt 0:00:50]} 5. d4 {[%emt 0:00:03]} exd4 {[%emt 0:01:05]} 6. e5 {[%emt 0:00:19]} d5 {[%emt 0:03:48]} 7. Bb5 {[%emt 0:00:45]} Ne4 8. cxd4 {[%emt 0:00:06]} Bb6 {[%emt 0:01:41]} 9. Nc3 {[%emt 0:01:53]} O-O {[%emt 0:03:35]} 10. Be3 {[%emt 0:01:05]} f5 {[%emt 0:14:46]} 11. exf6 {[%emt 0:00:47]} Nxc3 {[%emt 0:03:09]} 12. bxc3 {[%emt 0:01:30]} Qxf6 {[%emt 0:00:26]} 13. O-O {[%emt 0:15:08]} Bg4 {[%emt 0:06:41]} 14. Be2 {[%emt 0:00:15]} Bxf3 {[%emt 0:04:31]} 15. Bxf3 {[%emt 0:01:18]} Ne7 {[%emt 0:00:18]} 16. Qd2 {[%emt 0:09:59]} Qg6 {[%emt 0:05:05]} 17. Bf4 {[%emt 0:07:28]} c6 {[%emt 0:01:44]} 18. Rae1 {[%emt 0:06:48]} Rae8 {[%emt 0:00:59]} 19. Bd1 {[%emt 0:01:52]} Nf5 {[%emt 0:06:01]} 20. Bc2 {[%emt 0:01:54]} Qf7 {[%emt 0:04:17]} 21. Qd3 {[%emt 0:08:35]} g6 {[%emt 0:01:09]} 22. Be5 {[%emt 0:04:21]} Bc7 {[%emt 0:03:14]} 23. f4 {[%emt 0:00:59]} Qd7 {[%emt 0:02:34]} 24. Qh3 {[%emt 0:03:50]} Bxe5 {[%emt 0:02:25]} 25. fxe5 {[%emt 0:00:37]} Qe6 {[%emt 0:00:54]} 26. Bxf5 {[%emt 0:12:08]} Rxf5 {[%emt 0:00:16]} 27. Rxf5 {[%emt 0:00:04]} gxf5 {[%emt 0:00:15]} 28. Rf1 {[%emt 0:04:48]} Rf8 {[%emt 0:00:05]} 29. Rf4 {[%emt 0:00:08]} c5 {[%emt 0:02:14]} 30. Qf3 {[%emt 0:02:58]} cxd4 {[%emt 0:03:03]} 31. cxd4 {[%emt 0:00:19]} Rf7 {[%emt 0:00:39]} 32. h3 {[%emt 0:00:37]} b5 {[%emt 0:01:47]} 33. Qc3 {[%emt 0:07:52]} Qh6 {[%emt 0:02:31]} 34. Qe3 {[%emt 0:01:45]} Qb6 {[%emt 0:01:05]} 35. e6 {[%emt 0:03:53]} Re7 {[%emt 0:00:13]} 36. Rxf5 {[%emt 0:00:51]} Rxe6 {[%emt 0:00:11]} 37. Qg3+ {[%emt 0:01:39]} Rg6 {[%emt 0:00:16]} 38. Qe5 {[%emt 0:00:06]} Qd8 {[%emt 0:03:11]} 39. Qxd5+ {[%emt 0:01:04]} Qxd5 {[%emt 0:00:05]} 40. Rxd5 {[%emt 0:00:00]} Ra6 {[%emt 0:00:00]} 41. Rxb5 {[%emt 0:03:13]} Rxa2 {[%emt 0:00:56]} 42. Rb7 {[%emt 0:02:37]} Rd2 {[%emt 0:01:30]} 43. Rxa7 {[%emt 0:02:54]} Rxd4 {[%emt 0:00:06]} 44. Kf2 {[%emt 0:00:26]} Rb4 {[%emt 0:00:36]} 45. Re7 {[%emt 0:00:48]} Ra4 {[%emt 0:00:24]} 46. Kg3 {[%emt 0:00:07]} Rb4 {[%emt 0:00:09]} 47. h4 {[%emt 0:00:24]} Ra4 {[%emt 0:01:25]} 48. Rb7 {[%emt 0:00:52]} Rc4 {[%emt 0:00:06]} 49. Ra7 {[%emt 0:00:20]} Rb4 {[%emt 0:00:05]} 50. Re7 {[%emt 0:01:13]} Ra4 {[%emt 0:00:54]} 51. h5 {[%emt 0:01:18]} Rb4 {[%emt 0:03:23]} 52. Kf3 {[%emt 0:01:06]} Ra4 {[%emt 0:07:24]} 53. g4 {[%emt 0:01:45]} h6 {[%emt 0:01:07]} 54. Re4 {[%emt 0:00:34]} Ra7 {[%emt 0:00:44]} 55. Re6 {[%emt 0:00:20]} Kg7 {[%emt 0:00:14]} 56. Kf4 {[%emt 0:00:10]} Rb7 {[%emt 0:00:34]} 57. Rg6+ {[%emt 0:00:42]} Kh7 {[%emt 0:00:01]} 58. Rd6 {[%emt 0:00:16]} Kg7 {[%emt 0:01:15]} 59. Ke5 {[%emt 0:01:54]} Re7+ {[%emt 0:00:46]} 60. Re6 {[%emt 0:00:25]} Kf7 {[%emt 0:03:41]} 1/2-1/2

[Event "XXIX Cracovia 2018"]
[Site "Krakow"]
[Date "2019.01.02"]
[Round "7"]
[White "Colijn, Stefan"]
[Black "Bus, Konrad"]
[Result "1/2-1/2"]
[WhiteElo "2331"]
[BlackElo "2221"]
[Annotator "TA"]
[PlyCount "122"]
[EventDate "2018.12.27"]
[EventType "swiss"]
[EventCountry "POL"]
[SourceTitle "playchess.com"]
[Source "ChessBase"]
[SourceQuality "1"]

{[%evp 18,122,9,-8,44,7,56,22,37,33,93,51,67,56,64,62,82,51,59,59,51,50,52,46,42,42,39,54,55,50,30,33,39,33,37,16,24,0,58,43,66,61,53,31,25,0,0,0,0,0,0,0,0,0,0,0,0,0,8,24,20,20,14,0,0,0,0,0,65,65,213,211,560,557,537,387,320,12,12,12,12,12,12,12,127,168,4139,3978,2370,2430,1421,0,0,0,0,0,0,0,0,0,0,0,0,0,0,0,0]} 1. c4 c5 2. g3 g6 3. Bg2 Bg7 4. Nc3 Nc6 5. Nf3 d6 6. O-O e6 7. e3 Nge7 8. d4 O-O 9. dxc5 {A37: Symmetrical English vs ...g6: 4 Bg2 Bg7 5 Nf3} (9. Re1 Re8 10. Rb1 Rb8 11. Bd2 a6 12. d5 Na5 13. b3 b5 14. dxe6 Bxe6 15. Ng5 bxc4 16. Nxe6 fxe6 {½-½ (34) Jumabayev,R (2605)-Gelfand,B (2703) Batumi 2018}) 9... dxc5 10. Qc2 {LiveBook: 6 Games} Bd7 $146 (10... Nf5 $11) ({Predecessor:} 10... a6 11. Rd1 Qc7 12. b3 b6 13. Bb2 Bb7 14. a3 Na5 15. Na4 Bc6 16. Bxg7 Kxg7 {½-½ (53) Rohan,A (2426)-Rambaldi,F (2560) Doha 2015}) 11. a3 {White is slightly better.} a6 12. b3 Qc7 13. Bb2 f5 (13... b6 $14) 14. Na4 {Threatens to win with Bxg7.} Bxb2 15. Qxb2 Na5 16. Qe5 Rac8 17. Rad1 Qxe5 $1 18. Nxe5 Bxa4 $1 19. bxa4 Rfd8 20. Rb1 Rc7 21. Rb6 Nec6 22. Bxc6 Nxc6 23. Nxc6 bxc6 24. Rxa6 $14 {[%mdl 4096] Endgame KRR-KRR} Rd3 25. Rb1 Rxa3 26. Ra8+ Kg7 27. a5 Kh6 (27... Rd7 $11) 28. a6 Rd7 29. Rb2 $1 e5 30. Kg2 e4 31. Kh3 Kg5 32. Kg2 Ra1 33. f4+ Kg4 34. h3+ Kh5 35. Kh2 h6 36. Rh8 Rdd1 ({Don't play} 36... Rxa6 $6 37. g4+ fxg4 38. Kg3 $16) 37. a7 Rxa7 {Strongly threatening ...Raa1.} 38. Rg2 {White threatens g4+ and mate.} g5 39. g4+ fxg4 40. hxg4+ Kg6 41. f5+ Kg7 42. Re8 h5 (42... Re1 $11) 43. gxh5 Kf6 (43... Raa1 $1 $14) 44. Rg8 $18 Rg7 $2 (44... Raa1 {is tougher.} 45. Rg6+ (45. R2xg5 $2 Rh1+ 46. Kg3 Rag1+ 47. Kf4 Rxg5 $19) 45... Ke5) 45. Rxg7 {[%mdl 64] Overworked Piece} Kxg7 46. Rxg5+ {KR-KR} Kf6 {[#]} 47. Rg6+ $2 (47. Rg1 $1 $18 {[%cal Rg1d1]} Rxg1 48. Kxg1 Kxf5 49. Kg2) 47... Kxf5 $11 48. Rxc6 {h6 is the strong threat.} Kg4 49. Rxc5 {aiming for Rd5.} Rd2+ 50. Kg1 {Hoping for Rd5.} Kf3 (50... Rd6 $11) 51. h6 $16 {[%cal Bh5h6,Bh6h7][%mdl 32]} Rg2+ $2 (51... Rd1+ 52. Kh2 Rd2+ 53. Kh3 Rd1) 52. Kh1 $18 {Threatening mate with Rf5+.} Rg8 53. h7 Rh8 {[#]} 54. Rh5 $2 (54. Rc7 $1 $18 Kxe3 55. Kg2) 54... Kxe3 $11 {The position is equal.} 55. Kg1 Kd2 $1 56. Rh2+ Kd3 57. c5 e3 $1 {[%cal Re3e2] White must now prevent ...e2.} 58. Kf1 Rf8+ 59. Ke1 Rb8 {[%cal Rb8b1]} 60. Kf1 Rf8+ 61. Ke1 Rb8 {Accuracy: White = 56%, Black = 56%.} 1/2-1/2